00629 2200229 4500001002100000005001500021035002000036007000300056008004100059020002200100082001000122084001600132100002000148245008100168250001000249260003800259300002900297650002700326700002400353990001100377990001100388INLIS00000000000451820191127034507 a0010-1119000145ta191127 g 0 ind  a978-602-6563-47-7 a641.5 a641.5 REV b0 aREVA, Divantary1 aBuku Pintar Menu Sehat 30 Hari /cReva Divantary; editor, Intan Dewi Nuraini acet.1 a[s.l] :bSenja Media Utama,c2017 axviii, 180 hlm. ;c21 cm 4aMAKANAN. RESEP MASAKAN0 aINTAN, Dewi Nuraini a7220 a a7220 b